[Event "Ch Croatia (team) (3rd league)"]
[Site "masterchessopen.com Zagreb (Croatia)"]
[Date "2009.03.15"]
[Round "3"]
[White "Brajdic Danko (CRO)"]
[Black "Kustrak Mladen (CRO)"]
[Result "1-0"]
[WhiteElo "2162"]
[BlackElo "2003"]

1.Nf3 Nf6 2.g3 g6 3.Bg2 Bg7 4.d4 O-O 5.O-O d6 6.c4 c6 7.Nc3 Nbd7 8.h3 e5 9.e4
Re8 10.Be3 exd4 11.Nxd4 Nc5 12.Qc2 Ne6 13.Rad1 Qe7 14.Rfe1 Nxd4 15.Bxd4 Be6
16.b3 Nd7 17.Bxg7 Kxg7 18.Qd2 Qf6 19.Qd4 Rad8 20.Qxf6+ Nxf6 21.f4 Rd7 22.g4
Rdd8 23.Rd2 Re7 24.f5 Nxe4 25.Rxe4 {#r} 1-0

[Event "Memorial Juan Mila (open) (w)"]
[Site "masterchessopen.com Bogota (Colombia)"]
[Round "2"]
[White "Matta Paola Andrea (COL)"]
[Black "Garcia Martha L (COL)"]
[Result "0-1"]
[WhiteElo "2046"]
[BlackElo "1967"]

1.Nf3 Nf6 2.c4 d6 3.d4 Nbd7 4.Nc3 g6 5.g3 Bg7 6.Bg2 c6 7.e4 e5 8.O-O O-O 9.h3
Qc7 10.Be3 Re8 11.b4 a5 12.dxe5 dxe5 13.b5 Bf8 14.Nd2 cxb5 15.Nxb5 Qc6 16.f4
Bc5 17.Bxc5 Qxc5+ 18.Kh2 a4 19.fxe5 Rxe5 20.Nc3 Kg7 21.Qf3 Ra6 22.Qf4 Nf8
23.Nd5 N8d7 24.g4 g5 25.Qg3 h6 26.Rab1 Qd6 27.Rbe1 h5 28.Kh1 Rxd5 {#R} 0-1

[Event "Memorial Juan Mila (open) (w)"]
[Site "masterchessopen.com Bogota (Colombia)"]
[Round "6"]
[White "Matta Paola Andrea (COL)"]
[Black "Salazar Aura Cristina (COL)"]
[Result "1-0"]
[WhiteElo "2046"]
[BlackElo "2049"]

1.Nf3 Nf6 2.c4 g6 3.g3 Bg7 4.Bg2 O-O 5.O-O d6 6.d4 Nbd7 7.Nc3 e5 8.e4 c6 9.h3
Qe7 10.Be3 Nh5 11.d5 h6 12.Qd2 Nb6 13.Bxh6 Nxc4 14.Bg5 f6 15.Qe2 fxg5 16.Qxc4
{#r} 1-0

[Event "Tournament \"]
[Site "masterchessopen.com St. Petersburg (Russia)"]
[Date "2009.04.01"]
[Round "3"]
[White "Kalashnikov Pyotr (RUS)"]
[Black "Lomakina Galja (RUS)"]
[Result "0-1"]
[WhiteElo "1893"]
[BlackElo "2088"]

1.c4 Nf6 2.Nc3 g6 3.Nf3 Bg7 4.g3 O-O 5.Bg2 d6 6.d4 Nbd7 7.O-O e5 8.e4 c6 9.h3
exd4 10.Nxd4 Re8 11.Bg5 a5 12.Qd2 a4 13.Bh6 Ne5 14.Bxg7 Kxg7 15.b3 Qa5 16.f4
Ned7 17.Kh2 Qh5 18.Bf3 Qh6 19.g4 Ne5 20.Bg2 Bxg4 21.Qc2 axb3 22.axb3 Rxa1
23.Rxa1 Qxf4+ 24.Kh1 Nh5 25.hxg4 Ng3+ 26.Kg1 Qe3+ {#R} 0-1

[Event "Ch Belgium (juniors) (elite)"]
[Site "masterchessopen.com Houffalize (Belgium)"]
[Date "2009.04.19"]
[Round "9"]
[White "Bomans Arno (BEL)"]
[Black "Gryson Wouter (BEL)"]
[Result "1-0"]
[WhiteElo "2102"]
[BlackElo "2145"]

1.d4 g6 2.g3 Bg7 3.Bg2 d6 4.Nf3 Nd7 5.c4 e5 6.e4 Ngf6 7.Nc3 O-O 8.O-O c6 9.h3
Qe7 10.Re1 Rd8 11.b3 a5 12.Bb2 Nf8 13.d5 c5 14.Qd2 h6 15.a3 Ne8 16.b4 f5
17.bxc5 dxc5 18.exf5 Nd6 19.f6 Bxf6 20.Qe2 Re8 21.Nd2 Bg7 22.Nde4 Nf5 23.Nb5
b6 24.d6 Qd7 25.Nxc5 bxc5 26.Bxa8 Ba6 27.Bd5+ Kh7 28.Nc7 Rd8 29.Nxa6 Qxd6
30.Qd2 Qxa6 31.Bg8+ {#r} 1-0

[Event "Cup Maia Chiburdanidze (w)"]
[Site "masterchessopen.com Tbilisi (Georgia)"]
[Date "2009.06.13"]
[Round "9"]
[White "Arabidze Meri (GEO)"]
[Black "Macharashvili Tekla (GEO)"]
[Result "1-0"]
[WhiteElo "2217"]
[BlackElo "1827"]

1.d4 Nf6 2.c4 g6 3.g3 Bg7 4.Bg2 O-O 5.Nc3 d6 6.Nf3 Nbd7 7.O-O e5 8.e4 c6 9.h3
Qb6 10.c5 dxc5 11.dxe5 Ne8 12.e6 fxe6 13.Ng5 Ne5 14.Na4 Qb5 15.f4 Nd3 16.e5
Nc7 17.b3 Nd5 18.Rf3 Nxc1 19.Rxc1 b6 20.h4 Re8 21.h5 Ne7 22.hxg6 hxg6 23.g4
Nd5 24.Qc2 Ne7 25.Nc3 Qb4 26.Rd1 c4 27.Nce4 cxb3 28.Rxb3 Qa4 29.Nf6+ {#r} 1-0

[Event "Ch City (1/2 final)"]
[Site "masterchessopen.com Omsk (Russia)"]
[Date "2009.06.18"]
[Round "8"]
[White "Borisov Sergey (RUS)"]
[Black "Toder Alexander (RUS)"]
[Result "1-0"]
[WhiteElo "2115"]
[BlackElo "1968"]

1.d4 Nf6 2.Nf3 g6 3.g3 Bg7 4.Bg2 O-O 5.c4 d6 6.Nc3 Nbd7 7.O-O e5 8.e4 c6 9.h3
a5 10.Be3 exd4 11.Nxd4 Qe7 12.Qc2 Nc5 13.Nde2 Re8 14.Bxc5 dxc5 15.Rad1 Be6
16.b3 Rad8 17.Kh2 Bc8 18.f4 Nd7 19.Rd2 Nf8 20.Rfd1 Ne6 21.e5 Rxd2 22.Rxd2 Rd8
23.Ne4 Rxd2 24.Qxd2 Qc7 25.Qd6 Bf8 26.Nf6+ Kh8 27.Qd2 Qd8 28.Qxd8 Nxd8 29.Nc3
Bf5 {#r} 1-0

[Event "It (open)"]
[Site "masterchessopen.com Naujac sur Mer (France)"]
[Round "4"]
[White "Godart Francois (FRA)"]
[Black "Bissieres Mathieu (FRA)"]
[Result "0-1"]
[WhiteElo "2179"]
[BlackElo "2300"]

1.d4 d6 2.c4 e5 3.Nf3 Nd7 4.Nc3 g6 5.g3 Bg7 6.Bg2 Ngf6 7.O-O O-O 8.e4 c6 9.h3
Re8 10.Be3 exd4 11.Nxd4 Nc5 12.Qc2 Qe7 13.Rfe1 a5 14.Rad1 Nfd7 15.f4 Nf6
16.Bf2 Nh5 17.Kh2 Ne6 18.Nf5 gxf5 19.exf5 Qf6 20.fxe6 Bxe6 21.Be4 Bxc4
22.Bxh7+ Kh8 23.Bd4 Qh6 24.Bf5 Rxe1 25.Rxe1 Bxd4 26.Ne4 Bd5 27.Ng5 Bf6 28.h4
Nxf4 29.gxf4 Qxh4+ {#R} 0-1

[Event "Tournament (Elo) (a)"]
[Site "masterchessopen.com Budapest (Hungary)"]
[Date "2009.07.05"]
[Round "2"]
[White "Hansen Rene Rauer (DEN)"]
[Black "Borda Lajos (HUN)"]
[Result "1-0"]
[WhiteElo "1991"]
[BlackElo "2070"]

1.d4 Nf6 2.c4 g6 3.Nf3 Bg7 4.g3 O-O 5.Bg2 d6 6.O-O Nbd7 7.Nc3 e5 8.e4 c6 9.h3
exd4 10.Nxd4 Ne5 11.b3 Re8 12.Bb2 Nh5 13.Kh2 a6 14.f4 c5 15.Nde2 Nc6 16.Qd2 f5
17.exf5 gxf5 18.Rad1 Rb8 19.Rfe1 Nd4 20.Nxd4 Rxe1 21.Rxe1 Bxd4 22.Nd5 Bxb2
23.Qxb2 b5 24.Ne7+ {#r} 1-0

[Event "It (open)"]
[Site "masterchessopen.com Capetown (South Africa)"]
[Date "2009.07.07"]
[Round "7"]
[White "Makoto Rodwell (ZIM)"]
[Black "Rujevic Mirko (AUS)"]
[Result "1-0"]
[WhiteElo "2157"]
[BlackElo "2309"]

1.Nf3 Nf6 2.d4 g6 3.g3 Bg7 4.Bg2 O-O 5.c4 d6 6.O-O Nbd7 7.Nc3 c6 8.h3 e5 9.e4
Re8 10.Re1 Qc7 11.Be3 a5 12.Rc1 Qb8 13.Qd2 b5 14.dxe5 dxe5 15.cxb5 cxb5 16.Nd5
Nxd5 17.exd5 Bb7 18.d6 Nf6 19.Rc7 Ne4 20.Qd3 Ra6 21.Ng5 Rxd6 22.Qxb5 Nxg5
23.Rxb7 Nxh3+ 24.Bxh3 Qd8 25.Rd7 Rxd7 26.Qxd7 Qxd7 {#r} 1-0

[Event "Cup Hokim (open)"]
[Site "masterchessopen.com Tashkent (Uzbekistan)"]
[Date "2009.07.24"]
[Round "8"]
[White "Khamrakulov Dzhurabek (UZB)"]
[Black "Iuldachev Saidali (UZB)"]
[Result "0-1"]
[WhiteElo "2517"]
[BlackElo "2518"]

1.d4 Nf6 2.Nf3 g6 3.c4 Bg7 4.Nc3 O-O 5.g3 d6 6.Bg2 Nbd7 7.O-O e5 8.h3 c6 9.e4
Qb6 10.Re1 exd4 11.Nxd4 Re8 12.Nc2 Nc5 13.Rb1 Ng4 14.hxg4 Bxc3 15.Re3 Bg7
16.b3 Be6 {#R} 0-1

[Event "It (open)"]
[Site "masterchessopen.com Wasselonne (France)"]
[Date "2009.08.08"]
[Round "6"]
[White "Wimmer Olivier (FRA)"]
[Black "Pozuelo Jose (FRA)"]
[Result "1-0"]
[WhiteElo "2061"]
[BlackElo "2080"]

1.d4 Nf6 2.Nf3 g6 3.g3 Bg7 4.Bg2 O-O 5.O-O d6 6.c4 Nbd7 7.Nc3 c6 8.e4 e5 9.h3
Re8 10.Rb1 a5 11.a3 exd4 12.Nxd4 Nc5 13.Re1 a4 14.Kh2 Nfd7 15.Be3 Nb6 16.Qe2
Ne6 17.Rbd1 Nxd4 18.Bxd4 Be6 19.c5 Bxd4 20.Rxd4 Qf6 21.Rxd6 Nc8 22.e5 Qf5
23.Rd4 Ne7 24.f4 Ra5 25.g4 {#r} 1-0

[Event "Cup Moehnesee (open)"]
[Site "masterchessopen.com Moehnesee (Germany)"]
[Date "2009.08.16"]
[Round "6"]
[White "Weber Andre"]
[Black "Kemper Meinolf (GER)"]
[Result "1-0"]
[WhiteElo "1988"]
[BlackElo "2147"]

1.d4 Nf6 2.Nf3 g6 3.g3 Bg7 4.Bg2 O-O 5.O-O d6 6.c4 Nbd7 7.Nc3 c6 8.e4 e5 9.h3
Re8 10.Re1 a5 11.Be3 exd4 12.Nxd4 Nc5 13.Qc2 Qc7 14.Rad1 Bd7 15.Nde2 Rad8
16.Rd2 b5 17.cxb5 cxb5 18.Bg5 Qb8 19.Red1 Rc8 20.Bxf6 Bxf6 21.Rxd6 Be5 22.Rxd7
Nxd7 23.Rxd7 b4 24.Qb3 Rf8 25.Nd5 Kg7 26.f4 Qb5 27.fxe5 Qxe2 28.Nf4 Qe1+
29.Kh2 Rc1 30.h4 {#r} 1-0

[Event "It (open)"]
[Site "masterchessopen.com Brezova pod Bradlom (Slovakia)"]
[Date "2009.08.23"]
[Round "2"]
[White "Hajek Lukas (CZE)"]
[Black "Skapikova Lubica (SVK)"]
[Result "0-1"]
[WhiteElo "2112"]
[BlackElo "1940"]

1.d4 Nf6 2.c4 g6 3.g3 Bg7 4.Bg2 d6 5.Nf3 O-O 6.O-O c6 7.Nc3 Nbd7 8.e4 e5 9.h3
Ne8 10.Be3 h6 11.Qd2 Kh7 12.Rfd1 Qe7 13.a3 f5 14.b4 Nef6 15.exf5 gxf5 16.dxe5
dxe5 17.Qd6 Qxd6 18.Rxd6 e4 19.Nd4 Ne8 20.Re6 Ne5 21.Bf4 Ng6 22.Rxg6 Kxg6
23.Nce2 a5 24.Rd1 axb4 25.axb4 Ra2 26.h4 Nf6 27.Bd6 Rd8 28.Nf4+ Kf7 29.Bc5 Ng4
30.f3 Ne3 {#R} 0-1

[Event "It (open)"]
[Site "masterchessopen.com Brezova pod Bradlom (Slovakia)"]
[Date "2009.08.29"]
[Round "9"]
[White "Kovac Andrej (SVK)"]
[Black "Lukac Tomas (SVK)"]
[Result "1-0"]
[WhiteElo "2126"]
[BlackElo "1932"]

1.d4 Nf6 2.c4 g6 3.Nc3 Bg7 4.g3 O-O 5.Bg2 d6 6.Nf3 Nbd7 7.O-O e5 8.e4 c6 9.h3
Qb6 10.c5 dxc5 11.dxe5 Ne8 12.e6 fxe6 13.Ng5 Ne5 14.Kh2 c4 15.f4 Nd3 16.e5 Bd7
17.h4 Bh6 18.Nce4 Rd8 19.h5 Bc8 20.Qg4 Bxg5 21.Qxg5 Rf5 22.Qe7 Rxh5+ 23.Bh3
Qc7 24.Nf6+ Kh8 25.Qf8# 1-0

[Event "Ch Croatia (team) (3rd league)"]
[Site "masterchessopen.com Zagreb (Croatia)"]
[Date "2009.10.18"]
[Round "11"]
[White "Karlic Zvjezdan (CRO)"]
[Black "Zamostni Jan (CRO)"]
[Result "0-1"]
[WhiteElo "2229"]
[BlackElo "2229"]

1.d4 Nf6 2.Nf3 g6 3.c4 Bg7 4.g3 O-O 5.Bg2 d6 6.Nc3 Nbd7 7.O-O e5 8.e4 c6 9.h3
exd4 10.Nxd4 Re8 11.Be3 Nc5 12.f3 a5 13.Qc2 Nh5 14.g4 Nf4 15.Bxf4 Bxd4+ 16.Kh1
Qf6 17.Qd2 Be6 18.Bg5 Qg7 19.Rfd1 Be5 20.f4 Bxc3 21.bxc3 Bxc4 22.Qxd6 Nxe4
23.Bxe4 Rxe4 24.Qd8+ Re8 25.Qd4 Bd5+ 26.Kg1 Re2 27.c4 Re1+ 28.Kf2 Qxd4+
29.Rxd4 Rxa1 {#R} 0-1

[Event "Ch World (juniors) (under 20)"]
[Site "masterchessopen.com Puerto Madryn (Argentina)"]
[Date "2009.10.22"]
[Round "1"]
[White "Ramos Vasco Miguel De Matos (POR)"]
[Black "Shyam Sundar M (IND)"]
[Result "0-1"]
[WhiteElo "1862"]
[BlackElo "2415"]

1.c4 Nf6 2.Nc3 g6 3.d4 Bg7 4.Nf3 O-O 5.g3 d6 6.Bg2 Nbd7 7.O-O c6 8.h3 e5 9.e4
Re8 10.Re1 Qa5 11.Be3 a6 12.d5 c5 13.Rc1 b5 14.Nd2 Rb8 15.Bf1 b4 16.Ne2 Nb6
17.Qc2 h6 18.Bg2 Nh7 19.f4 exf4 20.gxf4 {#R} 0-1

[Event "Ch World (juniors) (under 14)"]
[Site "masterchessopen.com Kemer (Turkey)"]
[Date "2009.11.16"]
[Round "6"]
[White "Kaminski Thomas (CAN)"]
[Black "Nihal Manjunath (IND)"]
[Result "1-0"]
[WhiteElo "2088"]
[BlackElo "1992"]

1.c4 Nf6 2.Nc3 g6 3.g3 Bg7 4.Bg2 O-O 5.d4 d6 6.Nf3 Nbd7 7.O-O e5 8.e4 c6 9.h3
Qc7 10.Re1 Ne8 11.Be3 Nef6 12.d5 c5 13.Nd2 Nh5 14.Kh2 Qd8 15.a3 b6 16.b4 {#r}
1-0

[Event "It (open) \"]
[Site "masterchessopen.com Belgrade (Serbia)"]
[Date "2009.11.25"]
[Round "2"]
[White "Blagojevic Dragisa (MNE)"]
[Black "Rodic Dragan (SRB)"]
[Result "1-0"]
[WhiteElo "2545"]
[BlackElo "2108"]

1.d4 Nf6 2.c4 g6 3.g3 d6 4.Bg2 Bg7 5.Nf3 c6 6.Nc3 Nbd7 7.O-O O-O 8.e4 e5 9.h3
h6 10.Be3 Nh5 11.d5 c5 12.Nd2 a6 13.Rb1 Qe8 14.Bf3 Ndf6 15.Kh2 Nh7 {#r} 1-0

[Event "Memorial J.Capablanca"]
[Site "masterchessopen.com Fortaleza (Brazil)"]
[Date "2009.11.25"]
[Round "7"]
[White "Lucena Jose Silvio B de"]
[Black "De Saboya E Silva Jose Frederic (BRA)"]
[Result "0-1"]
[WhiteElo "2151"]
[BlackElo "2148"]

1.d4 Nf6 2.Nf3 d6 3.g3 g6 4.Bg2 Bg7 5.O-O O-O 6.c4 Nbd7 7.Nc3 e5 8.e4 c6 9.h3
exd4 10.Nxd4 Qb6 11.Nde2 Qa6 12.b3 Nc5 13.Be3 Ne8 14.Bd4 Ne6 15.Bxg7 N6xg7
16.f4 Qa5 17.g4 f5 18.exf5 gxf5 19.g5 Be6 20.Qd3 Rd8 21.Rae1 d5 22.cxd5 Nc7
23.Nd4 Bxd5 24.Re5 Qc5 25.Nxd5 Nxd5 26.b4 Nxb4 27.Qb3+ Nd5 {#R} 0-1

[Event "It \"]
[Site "masterchessopen.com Rijeka (Croatia)"]
[Date "2009.12.01"]
[Round "5"]
[White "Debray Christopher (FRA)"]
[Black "Sikanjic Bojan (CRO)"]
[Result "1-0"]
[WhiteElo "2328"]
[BlackElo "2170"]

1.d4 Nf6 2.Nf3 g6 3.c4 Bg7 4.Nc3 O-O 5.g3 d6 6.Bg2 Nbd7 7.O-O e5 8.e4 c6 9.h3
exd4 10.Nxd4 Qb6 11.Nde2 Ne8 12.b3 f5 13.exf5 Rxf5 14.Be3 Nc5 15.Rb1 a5 16.g4
Rf7 17.Na4 Qb4 18.Bd2 Qa3 19.Bc1 {#r} 1-0

[Event "Ch City (1 league)"]
[Site "masterchessopen.com Samara (Russia)"]
[Date "2009.12.09"]
[Round "4"]
[White "Alachihin Vladimir (RUS)"]
[Black "Kechaev Alexander (RUS)"]
[Result "1-0"]
[WhiteElo "2201"]
[BlackElo "1912"]

1.d4 Nf6 2.Nf3 g6 3.g3 Bg7 4.Bg2 d6 5.O-O O-O 6.c4 Nbd7 7.Nc3 e5 8.e4 c6 9.h3
a6 10.dxe5 dxe5 11.Be3 b5 12.a3 bxc4 13.Qa4 Rb8 14.Rab1 Nb6 15.Qxc6 Bd7
16.Bxb6 Rxb6 17.Qxc4 Qb8 18.Qe2 Rc8 19.Rfc1 Bh6 20.Rc2 Rb3 21.Rd1 Be6 22.Nd5
Nxd5 23.Rxc8+ Bxc8 24.exd5 f6 25.d6 Be6 26.d7 {#r} 1-0

[Event "Memorial Kopylov (open)"]
[Site "masterchessopen.com Ufa (Russia)"]
[Date "2009.12.18"]
[Round "3"]
[White "Kutlyarov Aleksandr (RUS)"]
[Black "Kajumov Karim (RUS)"]
[Result "1-0"]
[WhiteElo "2141"]
[BlackElo "1775"]

1.d4 Nf6 2.c4 g6 3.Nc3 Bg7 4.g3 O-O 5.Bg2 d6 6.Nf3 Nbd7 7.O-O e5 8.e4 c6 9.h3
Qb6 10.Re1 exd4 11.Nxd4 Ng4 12.Nce2 Nge5 13.b3 Nc5 14.Be3 Qc7 15.Qc2 a5
16.Rad1 a4 17.b4 Ne6 18.f4 Nxd4 19.Bxd4 Nd7 20.Bxg7 Kxg7 21.Kh2 Rd8 22.Rd2 Qb6
23.Qc3+ Nf6 24.g4 Bxg4 25.hxg4 Qf2 26.Rf1 Qh4+ 27.Kg1 Qxg4 28.Rfd1 Re8 29.Qg3
Qe6 30.Rxd6 {#r} 1-0

[Event "Cup Krasnodar (open)"]
[Site "masterchessopen.com Krasnodar (Russia)"]
[Date "2009.12.19"]
[Round "8"]
[White "Poliakov Yury (RUS)"]
[Black "Popov Gennady (RUS)"]
[Result "0-1"]
[WhiteElo "2233"]
[BlackElo "2199"]

1.d4 Nf6 2.c4 g6 3.Nf3 Bg7 4.g3 O-O 5.Bg2 d6 6.Nc3 c6 7.O-O Nbd7 8.e4 e5 9.h3
exd4 10.Nxd4 Ne5 11.b3 a5 12.Be3 Re8 13.Re1 h5 14.Qc2 h4 15.g4 Nfxg4 16.hxg4
Nxg4 17.Nf3 h3 18.Bh1 Ne5 {#R} 0-1

[Event "Memorial Kopylov (open)"]
[Site "masterchessopen.com Ufa (Russia)"]
[Date "2009.12.19"]
[Round "4"]
[White "Churaev Raif (RUS)"]
[Black "Jangurazov Albert Rus"]
[Result "1-0"]
[WhiteElo "2147"]
[BlackElo "1903"]

1.Nf3 g6 2.c4 Bg7 3.d4 Nf6 4.g3 O-O 5.Bg2 d6 6.Nc3 Nbd7 7.O-O e5 8.e4 c6 9.h3
Re8 10.Be3 exd4 11.Nxd4 Nc5 12.Qc2 Qe7 13.Rae1 Nfxe4 14.Nxe4 Nxe4 15.Bxe4 Qxe4
16.Bd2 Qxe1 17.Rxe1 Rxe1+ 18.Bxe1 Bxd4 19.Bc3 Bxc3 20.Qxc3 Be6 21.Qb4 Rd8
22.Qxb7 d5 23.Qc7 Rd7 24.Qb8+ Kg7 25.cxd5 cxd5 26.Qe5+ Kf8 27.Qd4 Ke7 {#r} 1-0

[Event "It (open) \"]
[Site "masterchessopen.com Krakow (Poland)"]
[Date "2009.12.28"]
[Round "2"]
[White "Swiech Przemyslaw (POL)"]
[Black "Tantsiura Marja (UKR)"]
[Result "1-0"]
[WhiteElo "1448"]
[BlackElo "1998"]

1.d4 Nf6 2.c4 g6 3.Nc3 Bg7 4.Nf3 O-O 5.g3 d6 6.Bg2 c6 7.e4 Nbd7 8.O-O e5 9.h3
Qb6 10.c5 dxc5 11.dxe5 Ne8 12.e6 fxe6 13.Ng5 Ne5 14.f4 c4+ 15.Kh2 Nd3 16.e5
Nc7 17.Nce4 Nd5 18.Nd6 Nxb2 19.Qg4 Bd7 20.Be4 Ne7 21.Nxh7 Qd4 22.Bxg6 Nd3
23.Qh5 Nxg6 24.Ng5 Rf6 25.exf6 Qxf6 26.Nde4 Qf5 27.Qh7+ Kf8 28.g4 Qd5 29.Qxg6
{#r} 1-0

[Event "Ch Greece (juniors) (under 18)"]
[Site "masterchessopen.com Peristeri (Greece)"]
[Date "2010.01.07"]
[Round "7"]
[White "Malikentzos Sotirios (GRE)"]
[Black "Tsokopoulos Dedalos (GRE)"]
[Result "1-0"]
[WhiteElo "2287"]
[BlackElo "1951"]

1.Nf3 Nf6 2.c4 g6 3.d4 Bg7 4.g3 O-O 5.Bg2 d6 6.O-O Nbd7 7.Nc3 e5 8.e4 c6 9.h3
Qc7 10.Be3 a5 11.Qc2 exd4 12.Nxd4 Nc5 13.Rad1 Be6 14.Nxe6 Nxe6 15.f4 Rfe8
16.Qf2 Nd7 17.f5 gxf5 18.exf5 Nec5 19.Bd4 Be5 20.f6 Re6 21.Bxe5 Nxe5 22.Qf5
Qb6 23.Qg5+ Ng6 24.Kh1 Kh8 25.Qh6 Rg8 26.Rf5 Qxb2 27.Qxh7+ {#r} 1-0

[Event "Ch PriFO (open)"]
[Site "masterchessopen.com Naberezhnye Chelny (Russia)"]
[Date "2010.01.21"]
[Round "3"]
[White "Dimukhametov Artur (RUS)"]
[Black "Sokolov Sergei (RUS)"]
[Result "1-0"]
[WhiteElo "2354"]
[BlackElo "2321"]

1.d4 Nf6 2.c4 g6 3.Nc3 Bg7 4.g3 O-O 5.Bg2 d6 6.Nf3 Nbd7 7.O-O e5 8.e4 c6 9.h3
Qb6 10.c5 dxc5 11.dxe5 Ne8 12.Na4 Qa6 13.Bf4 Nc7 14.Qc2 Ne6 15.Rfd1 Re8 16.b3
Nd4 17.Nxd4 cxd4 18.Rxd4 Nxe5 19.Nc5 Qb6 20.Rad1 Qc7 21.Nd7 Bxd7 22.Bxe5 Bxe5
23.Rxd7 Qb6 24.Bf1 Rf8 25.Bc4 Bxg3 26.Qe2 Be5 27.Qf3 Kh8 28.Rxf7 Rxf7 29.Qxf7
Rd8 30.Rd7 {#r} 1-0

[Event "It (open)"]
[Site "masterchessopen.com Marianske Lazne (Czech Republic)"]
[Date "2010.01.22"]
[Round "8"]
[White "Kirsanova Ekaterina (RUS)"]
[Black "Jiruse Josef (CZE)"]
[Result "1-0"]
[WhiteElo "2154"]
[BlackElo "2072"]

1.d4 Nf6 2.c4 g6 3.g3 Bg7 4.Bg2 d6 5.Nc3 O-O 6.Nf3 c6 7.O-O Nbd7 8.e4 e5 9.h3
Re8 10.Re1 exd4 11.Nxd4 a5 12.Be3 Nc5 13.Qc2 Re7 14.Rad1 Qc7 15.f4 Ne6 16.Nf3
Nd7 17.Qd2 Nb6 18.Bf1 Rd7 19.Qf2 c5 20.f5 Nd8 21.Nb5 Qc6 22.Bf4 Bf8 23.e5 dxe5
24.Nxe5 Qf6 25.Nxd7 Bxd7 26.Be5 Qxf5 27.Qxf5 Bxf5 28.Bc7 Nd7 29.Re8 {#r} 1-0

[Event "It (open)"]
[Site "masterchessopen.com Chennai (India)"]
[Date "2010.01.28"]
[Round "5"]
[White "Krishna C Revanth Gopala (IND)"]
[Black "Shyam Sundar M (IND)"]
[Result "0-1"]
[WhiteElo "2104"]
[BlackElo "2417"]

1.d4 Nf6 2.Nf3 g6 3.g3 Bg7 4.Bg2 O-O 5.O-O d6 6.c4 Nbd7 7.Nc3 e5 8.e4 c6 9.h3
Qa5 10.Re1 exd4 11.Nxd4 Re8 12.Nc2 Ne5 13.Ne3 Be6 14.Qe2 Qb4 15.Bf1 Nxe4
16.Nxe4 Qxe1 17.Qxe1 Nf3+ 18.Kh1 Nxe1 19.Nxd6 Re7 20.Be2 Bxh3 21.Kh2 Nc2
22.Rb1 Nxe3 23.Bxe3 Be6 24.b3 Rd7 25.c5 Be5 26.Bf4 Bxf4 27.gxf4 Rad8 28.Rd1
Bd5 {#R} 0-1

[Event "Ch Bosnia & Herzegovina"]
[Site "masterchessopen.com Siroki Brijeg (Bosnia & Herzegovina)"]
[Round "1"]
[White "Jakovljevic Vlado (BIH)"]
[Black "Arapovic Vitomir (BIH)"]
[Result "1-0"]
[WhiteElo "2389"]
[BlackElo "2401"]

1.Nf3 g6 2.d4 Bg7 3.c4 d6 4.g3 Nf6 5.Bg2 O-O 6.O-O Nbd7 7.Nc3 e5 8.e4 c6 9.h3
Re8 10.Be3 a5 11.Qc2 exd4 12.Nxd4 Nc5 13.Rad1 Qb6 14.Nb3 Qa6 15.Rxd6 Ne6
16.Na4 Rb8 17.Rfd1 Bf8 18.Nbc5 Qa8 19.Nb6 Bxd6 20.Rxd6 Qa7 21.Nxc8 Rexc8
22.Nd7 b6 23.Nxf6+ Kg7 24.Qc3 {#r} 1-0

[Event "Ch Europe (seniors) (team)"]
[Site "masterchessopen.com Dresden (Germany)"]
[Date "2010.02.10"]
[Round "1"]
[White "Kivipelto Kaj-Erik (FIN)"]
[Black "Ager Josef (AUT)"]
[Result "0-1"]
[WhiteElo "2208"]
[BlackElo "2194"]

1.Nf3 g6 2.g3 Bg7 3.Bg2 d6 4.d4 Nd7 5.c4 e5 6.Nc3 Ngf6 7.O-O O-O 8.h3 c6 9.e4
Re8 10.Re1 Qc7 11.Be3 Nh5 12.Rc1 Nf8 13.b4 exd4 14.Bxd4 Nf6 15.e5 dxe5 16.Bxe5
Qd8 17.Qb3 Bd7 18.c5 Be6 19.Qb2 N8d7 20.Rcd1 Nxe5 21.Rxd8 Nxf3+ 22.Bxf3 Raxd8
23.Rxe6 fxe6 24.Qe2 {#R} 0-1

[Event "It (open)"]
[Site "masterchessopen.com Gora Sw. Anny (Poland)"]
[Date "2010.02.12"]
[Round "7"]
[White "Stachowiak Kamil (POL)"]
[Black "Ziebinski Bartosz (POL)"]
[Result "1-0"]
[WhiteElo "2398"]
[BlackElo "1955"]

1.d4 Nf6 2.Nf3 g6 3.g3 Bg7 4.Bg2 O-O 5.O-O d6 6.c4 Nbd7 7.Nc3 e5 8.e4 c6 9.h3
Re8 10.Be3 a6 11.Qc2 b5 12.c5 dxc5 13.dxe5 Nxe5 14.Nxe5 Rxe5 15.f4 Re8 16.Bxc5
Nd7 17.Rad1 Qc7 18.Bd6 Qb6+ 19.Kh2 Bb7 20.e5 c5 21.Nd5 Bxd5 22.Bxd5 Rac8
23.Qg2 Nb8 24.Bxf7+ Kh8 25.Bxe8 Rxe8 26.Bxb8 Qxb8 27.Rd7 {#r} 1-0

[Event "Ch Europe (seniors) (team)"]
[Site "masterchessopen.com Dresden (Germany)"]
[Date "2010.02.16"]
[Round "7"]
[White "Nystrom Ragnar (SWE)"]
[Black "Bue Gunnar (NOR)"]
[Result "1-0"]
[WhiteElo "1986"]
[BlackElo "1820"]

1.d4 Nf6 2.c4 g6 3.g3 Bg7 4.Bg2 O-O 5.Nf3 d6 6.O-O c6 7.Nc3 Nbd7 8.e4 e5 9.h3
exd4 10.Nxd4 a6 11.Be3 Nb6 12.b3 Nbd7 13.Qc2 Re8 14.Rad1 Qe7 15.Rfe1 Rb8
16.Qc1 c5 17.Nde2 b5 18.cxb5 axb5 19.Nf4 b4 20.Ncd5 Qd8 21.f3 Nxd5 22.Nxd5 Bb7
23.Bf4 Bd4+ 24.Kh2 Bxd5 25.exd5 Qf6 26.Bg5 Qf5 27.g4 Be5+ 28.Kh1 {#r} 1-0

[Event "Ch Europe (seniors) (team)"]
[Site "masterchessopen.com Dresden (Germany)"]
[Date "2010.02.18"]
[Round "9"]
[White "Finnlaugsson Gunnar (ISL)"]
[Black "Csulits Anton (GER)"]
[Result "0-1"]
[WhiteElo "2072"]
[BlackElo "2226"]

1.Nf3 Nf6 2.c4 g6 3.d4 Bg7 4.g3 O-O 5.Bg2 d6 6.O-O c6 7.Nc3 Nbd7 8.e4 e5 9.h3
Re8 10.Re1 a5 11.b3 exd4 12.Nxd4 Nc5 13.Kh2 Nfd7 14.f4 f5 15.Bb2 Qf6 16.exf5
Rxe1 17.Qxe1 Nd3 18.Qe8+ Qf8 19.Qe6+ Kh8 20.Ba3 Bxd4 21.Bxd6 {#R} 0-1

[Event "Tournament (open)"]
[Site "masterchessopen.com Kreznica Jara (Poland)"]
[Date "2010.02.19"]
[Round "6"]
[White "Harazinska Ewa (POL)"]
[Black "Stoma Pawel (POL)"]
[Result "0-1"]
[WhiteElo "1767"]
[BlackElo "2308"]

1.Nf3 Nf6 2.c4 d6 3.g3 g6 4.Bg2 Bg7 5.O-O O-O 6.d4 Nbd7 7.Nc3 c6 8.e4 e5 9.h3
Re8 10.Re1 a6 11.Be3 b5 12.cxb5 cxb5 13.b4 Bb7 14.d5 Rc8 15.Rc1 Nb6 16.Bf1 Nc4
17.Bxc4 Rxc4 18.a3 Qc8 19.Qd3 Qxh3 20.Ng5 Qg4 21.Qe2 Qxe2 22.Rxe2 Rec8 23.Bd2
Bh6 24.f4 Nh5 25.Rg2 exf4 26.gxf4 Bg7 27.Ne2 h6 28.Nh3 Rxe4 29.Rxc8+ Bxc8
30.Kh2 Bb2 {#R} 0-1